Letters In The Middle: Countries - Statistics

General Stats
  • This quiz has been taken 520 times
    515 since last reset
  • The average score is 15 of 20
Answer Stats
Country % Correct
Af{ghanist}an
97%
My{anm}ar
90%
Na{mib}ia
89%
Su{rina}me
82%
F{inlan}d
81%
Sol{omon Isla}nds
81%
K{uwai}t
80%
H{ondura}s
79%
P{aragua}y
78%
Uni{ted Arab Emira}tes
78%
Se{ychell}es
76%
Ma{dagasc}ar
72%
Li{echtenste}in
71%
U{krain}e
68%
Co{sta Ri}ca
67%
V{atican Cit}y
65%
G{uinea-Bissa}u
63%
N{etherland}s
59%
B{urkina Fas}o
53%
Sa{int Kitts & Nev}is
51%
No matching quizzes found
Score Distribution
Percent of People with Each Score
Percentile by Number Answered
Your Score History
You have not taken this quiz since the last reset